00488nam a2200169Ia 4500008004100000020001800041041000800059082001700067100001200084245005200096260004400148300000800192440002900200500006500229650001200294700001200306230125s9999 xx 000 0 und d a81-900547-2-4 aeng a306.874bBAT aBatra P aSimple ways to make your daughter worldly wise c1995bThink Inc. PublicationaNew Delhi a91p aPramod Batra Series Book aRelationship management;Series Book;Promod Batra Series Book aGeneral aBatra P